000 00276nam a22001337a 4500
008 170821b xxu||||| |||| 00| 0 eng d
020 _a9780077557997
041 _aeng
080 _a51
100 _a37
101 _aMAT
245 _aPREALGEBRA
_cONIEL.M
942 _2udc
_cBK
999 _c24218
_d24218